| Tag |
First Indicator |
Second Indicator |
Subfields |
| LEADER |
00000cam a22000001a 4500 |
| 001 |
in00003267321 |
| 006 |
m d f |
| 007 |
cr bn mmmapmmp |
| 008 |
101011s1973 dcua ob f000 0 eng d |
| 005 |
20260429174753.5 |
| 035 |
|
|
|a cis2007808773
|
| 040 |
|
|
|a LexisNexis
|c LexisNexis
|d UtOrBLW
|
| 043 |
|
|
|a n-us---
|
| 099 |
|
|
|a CMP-1973-FNS-0035
|
| 110 |
2 |
|
|a United States Tariff Commission.
|
| 245 |
1 |
0 |
|a World oil developments and U.S. oil import policies /
|c a report prepared for the Committee on Finance, United States Senate.
|
| 264 |
|
1 |
|a Washington :
|b U.S. Govt. Print. Off,
|c 1973.
|
| 300 |
|
|
|a 1 online resource.
|
| 336 |
|
|
|a text
|b txt
|2 rdacontent
|
| 337 |
|
|
|a computer
|b c
|2 rdamedia
|
| 338 |
|
|
|a online resource
|b cr
|2 rdacarrier
|
| 500 |
|
|
|a Record is based on bibliographic data in LexisNexis U.S. Congressional Research Digital Collection. Reuse except for individual research requires license from LexisNexis.
|
| 504 |
|
|
|a Includes bibliographical references.
|
| 500 |
|
|
|a Electronic resource.
|
| 650 |
|
0 |
|a Petroleum industry and trade.
|
| 650 |
|
0 |
|a Petroleum industry and trade
|z United States.
|
| 655 |
|
7 |
|a Electronic books.
|2 local
|
| 710 |
2 |
|
|a ProQuest (Firm)
|
| 710 |
1 |
|
|a United States.
|b Congress.
|b Senate.
|b Committee on Finance.
|
| 776 |
0 |
8 |
|i Print version: 2
|a United States Tariff Commission.
|t World oil developments and U.S. oil import policies
|z 74600598 //r86
|
| 776 |
0 |
8 |
|i Microfiche version: 2
|a United States Tariff Commission.
|t World oil developments and U.S. oil import policies
|d [Bethesda, Md.] : LexisNexis Academic & Library Solutions,1973.
|o CIS 73 S362-36
|w (LexisNexis)cis07301155
|
| 830 |
|
0 |
|a U.S. Congressional Research.
|
| 856 |
4 |
0 |
|u http://proxy.library.tamu.edu/login?url=https://congressional.proquest.com/congcomp/getdoc?CRDC-ID=CMP-1973-FNS-0035
|z Connect to the full text of this electronic book
|t 0
|
| 998 |
|
|
|a cis07301155
|
| 999 |
|
|
|a MARS
|
| 999 |
f |
f |
|s 40b57ff6-0c25-3d35-86ed-3003fa74bcf3
|i 049c1f5a-0df2-3c13-b6fa-e3a69c53fb26
|t 0
|
| 952 |
f |
f |
|a Texas A&M University
|b College Station
|c Electronic Resources
|s www_evans
|d Available Online
|t 0
|e CMP-1973-FNS-0035
|h Other scheme
|
| 998 |
f |
f |
|a CMP-1973-FNS-0035
|t 0
|l Available Online
|